Katineung kuring; (Record no. 86554)

MARC details
000 -LEADER
fixed length control field 00586cam a22002171 4500
001 - CONTROL NUMBER
control field sa 68015606
003 - CONTROL NUMBER IDENTIFIER
control field DLC
005 - DATE AND TIME OF LATEST TRANSACTION
control field 20260227112645.0
008 - FIXED-LENGTH DATA ELEMENTS--GENERAL INFORMATION
fixed length control field 931105s1966 io a 000 0 sun
010 ## - LIBRARY OF CONGRESS CONTROL NUMBER
LC control number sa 68015606
025 ## - OVERSEAS ACQUISITION NUMBER
Overseas acquisition number PL480:Indo-5408
035 ## - SYSTEM CONTROL NUMBER
System control number (OCoLC)29252883
040 ## - CATALOGING SOURCE
Original cataloging agency DLC
Transcribing agency CU
Modifying agency DLC
042 ## - AUTHENTICATION CODE
Authentication code premarc
050 00 - LIBRARY OF CONGRESS CALL NUMBER
Classification number PL5454.A2
Item number S8
100 1# - MAIN ENTRY--PERSONAL NAME
Personal name Sutiasumarga, Rusman,
Dates associated with a name 1917-
Relator term comp.
245 10 - TITLE STATEMENT
Title Katineung kuring;
Remainder of title prosa djeung puisi.
260 ## - PUBLICATION, DISTRIBUTION, ETC.
Place of publication, distribution, etc. Djakarta,
Name of publisher, distributor, etc. Balai Pustaka,
Date of publication, distribution, etc. 1966.
300 ## - PHYSICAL DESCRIPTION
Extent 96 p.
Other physical details illus.
Dimensions 18 cm.
500 ## - GENERAL NOTE
General note Sundanese literature.

No items available.

Powered by Koha